Central Library OPAC University of Rajshahi

An introductory course of statistical mechanics / (Record no. 70170)

MARC details
000 -LEADER
fixed length control field 00663nam a2200229 a 4500
001 - CONTROL NUMBER
control field 70170
003 - CONTROL NUMBER IDENTIFIER
rucl marc code BD-RjUL
005 - DATE AND TIME OF LATEST TRANSACTION
control field 20211209081954.0
008 - FIXED-LENGTH DATA ELEMENTS--GENERAL INFORMATION
fixed length control field 170416s2008 ii a|||| |||| 001 0 eng d
020 ## - INTERNATIONAL STANDARD BOOK NUMBER
International Standard Book Number 9788173198649
035 ## - SYSTEM CONTROL NUMBER
System control number (BD-RjUL)70383
040 ## - CATALOGING SOURCE
Original cataloging agency BD-RjUL
Language of cataloging eng
Transcribing agency BD-RjUL
Modifying agency BD-RjUL
041 ## - LANGUAGE CODE
Language code of text/sound track or separate title eng
082 ## - DEWEY DECIMAL CLASSIFICATION NUMBER
Edition number 23
Classification number 530.13
Author mark and year PAI 2008
100 1# - MAIN ENTRY--PERSONAL NAME
Personal name Pal, B. Palash
9 (RLIN) 207819
245 13 - TITLE STATEMENT
Title An introductory course of statistical mechanics /
Statement of responsibility, etc. Palash B. Pal
260 ## - PUBLICATION, DISTRIBUTION, ETC. (IMPRINT)
Place of publication, distribution, etc. New Delhi :
Name of publisher, distributor, etc. Narosha Pub. House,
Date of publication, distribution, etc. 2008
300 ## - PHYSICAL DESCRIPTION
Pagination xxii, 372 p. :
Illustrations ill. ;
Size 32 cm.
500 ## - GENERAL NOTE
General note Includes index
650 ## - SUBJECT ADDED ENTRY--TOPICAL TERM
Topical term or geographic name as entry element Statistical mechanics
9 (RLIN) 117125
942 ## - ADDED ENTRY ELEMENTS (KOHA)
Source of classification or shelving scheme Dewey Decimal Classification
Koha item type Books
Holdings
Lost status Source of classification or shelving scheme Damaged status Not for loan Collection code Permanent Location Current Location Shelving location Date acquired Source of acquisition Cost, normal purchase price Total Checkouts Full call number Date last seen Copy number Koha item type
  Dewey Decimal Classification   Not For Loan Non-fiction Central Library, University of Rajshahi Central Library, University of Rajshahi Reading Room 23/10/2010 Paragon Enterprise ltd., Dhaka 295.00   530.13 PAI 2008 16/04/2017 C-1 Books